000 00469nam a2200169Ia 4500
008 121126t1958 xxu||||| |||| 00| 0 sin d
041 _asin
080 _a8S-1 14/15
_bVET
100 _aDevarakshitha Himi Batuvanthudave
245 _aගුප්තිල කාව්‍යය
246 _aGupthila Kavyaya
260 _bRathnakara Pothhala
_aColombo
_c1958
300 _b118p., 21 cm
942 _cBK
999 _c75208
_d75208
003 LK-CoDNM
040 _aLK-CoDNM
_dLK-CoDNM
_eLK-CoDNM